| 000 | 007210000a22002050004500 | ||
|---|---|---|---|
| 005 | 20081029115927.0 | ||
| 008 | 081029t xxu||||| |||| 00| 0 eng d | ||
| 010 | _aENG-97191 | ||
| 020 |
_a8178790653 _c295.00 |
||
| 035 | _aEN-80724 | ||
| 037 | _bDBAD /PUB | ||
| 082 | _a796 | ||
| 100 |
_aMukesh Kumar _91832 |
||
| 245 |
_aRules and measurement in sports / _cby Mukesh Kumar |
||
| 260 |
_aNew Delhi _bSports Publication _c2008 |
||
| 270 |
_a7/26 ground floor, Ansari Road, Darya Ganj _bNew Delhi _e110002 |
||
| 300 |
_a146p. _c24cm (Hb) |
||
| 942 |
_2ddc _cEN _h796 _mMUK |
||
| 999 |
_c37943 _d37943 |
||